000 00869nam a22001697a 4500
999 _c25289
_d25289
003 BDDh-ASL
005 20231015030454.0
008 210629s1984 bg ||||| |||| 00| 0 eng d
040 _aBDDh-ASL
_cBDDh-ASL
082 _a302.2242
_bTEN
110 1 _93119
_aMinistry of Foreign Affairs
_bGovernment of the People's Republic of Bangladesh
245 0 0 _aTen Years of Bangladesh in the United Nations:
_bSpeeches of Heads of State Heads of Government and Foreign Ministers of Bangladesh at the UN General Assembly, 1974-1984 /
260 _aDhaka:
_bMinistry of Foreign Affairs,Government of the People's Republic of Bangladesh,
_c1984.
300 _a123 p. :
_c23 cm.
650 0 _aSpeeches, বক্তৃতা, Baktr̥tā, ভাষণ, বক্তৃতামালা, Baktr̥tāmālā, speech, address, lecture, oration, say, utterance
_94148
942 _2ddc
_cBK